000 00696nam a2200289Ia 4500
005 20260324123927.0
008 008 260324s9999 xx 000 0 eng d
020 _a9780203819081
037 _aEBOOK
040 _aCRL
040 _beng
040 _cCRL
041 _2eng
041 _aeng
084 _qCRL
100 _aThemis Chronopoulos
_91172188
245 0 _aSpatial Regulation in New York City
245 0 _bFrom Urban Renewal to Zero Tolerance
260 _bTaylor and Francis
260 _c2011
365 _a
365 _b255
856 _uhttp://www.taylorfrancis.com/books/9780203819081
942 _cEBOOK
999 _c1766120
_d1766120